Culegere de probleme si exercitii de matematica
Αποθηκεύτηκε σε:
| Κύριοι συγγραφείς: | , |
|---|---|
| Μορφή: | Βιβλίο |
| Γλώσσα: | Romanian |
| Δημοσίευση: |
Junimea :
[χ.ό],
1976
|
| Θέματα: | |
| Ετικέτες: |
Προσθήκη ετικέτας
Δεν υπάρχουν, Καταχωρήστε ετικέτα πρώτοι!
|
MARC
| LEADER | 00000cam a2200000 a 4500 | ||
|---|---|---|---|
| 001 | 1/107750 | ||
| 008 | 150731s1976####rm | ||| |||| ||rum|| | ||
| 040 | |a GR-MyUa |b gre |c GR-MyUa |e AACR2 | ||
| 041 | 0 | |a rum | |
| 082 | 7 | |a 510.76 |2 (23) | |
| 100 | 1 | |a Trandafir, Rodica. | |
| 245 | 1 | 0 | |a Culegere de probleme si exercitii de matematica / |c Rodica Trandafir, Alexandru Leonte. |
| 260 | |a Junimea : |b [χ.ό], |c 1976 | ||
| 300 | |a 384 σ. ; |c 20 εκ. | ||
| 650 | 0 | |a Mathematics |x Problems, exercises, etc. |z Greece. | |
| 700 | 1 | |a Leonte, Alexandru V. |e aut | |
| 852 | |a INST |b SAMOS |c MAG |e 20150731 |h 510.76 TRA |p 005300035013 |q 005300035013 |t BK |y 0 | ||
| 970 | |a Σιτζίμη |b Γιασεμή |z 31/07/2015 | ||